000 00539nam a22001577a 4500
005 20241108130312.0
008 241108b |||||||| |||| 00| 0 eng d
020 _a9789350350508
245 _aLandmark Judgements on Consumer Protection Law
_cForwarded by Justice Ashok Bhan
250 _a2011 edition
260 _aNew Delhi, India
_bUniversal Law Publishing Co. PVT. Ltd.
_c2011
300 _axv, 408 pages
_c25 cm
500 _aNational Consumer Disputes Redressal Commission
650 _2Consumer protection
_xIndia
942 _2lcc
_cBK
_n0
999 _c877
_d877